Loading...
| Philosophy | 0 | 4 | 0 | 3 | 40 | 92 | 120.00 | 1 | 3 | 0.00 | 0.00 |
| Fine Arts - Painting and Sculpture | 0 | 2 | 0 | 0 | 20 | 77 | 82.00 | 0 | 1 | 0.00 | 0.00 |
| Religion | 0 | 2 | 0 | 1 | 20 | 71 | 101.00 | 1 | 1 | 0.00 | 0.00 |
| Literature - European | 0 | 2 | 0 | 0 | 20 | 58 | 69.50 | 1 | 2 | 0.00 | 0.00 |
| Science - Physics | 0 | 2 | 1 | 0 | 15 | 99 | 104.00 | 0 | 2 | 0.00 | 0.00 |
| Fine Arts - Other | 0 | 2 | 1 | 0 | 15 | 51 | 60.50 | 1 | 2 | 0.00 | 0.00 |
| Science - Other | 0 | 2 | 1 | 1 | 15 | 72 | 97.00 | 1 | 2 | 0.00 | 0.00 |
| Literature - American | 0 | 1 | 0 | 0 | 10 | 74 | 74.00 | 1 | 1 | 0.00 | 0.00 |
| Science - Chemistry | 0 | 1 | 0 | 0 | 10 | 79 | 79.00 | 0 | 1 | 0.00 | 0.00 |
| History - World | 0 | 1 | 0 | 0 | 10 | 35 | 35.00 | 0 | 1 | 0.00 | 0.00 |
| Literature - World | 0 | 0 | 0 | 0 | 0 | 0.00 | 0 | 0 | 0.00 | 0.00 | |
| Mythology | 0 | 0 | 1 | 0 | -5 | 0.00 | 0 | 0 | 0.00 | 0.00 | |
| Current Events | 0 | 0 | 1 | 0 | -5 | 0.00 | 0 | 0 | 0.00 | 0.00 | |
| Literature - British | 0 | 0 | 1 | 0 | -5 | 0.00 | 0 | 0 | 0.00 | 0.00 |